LEADER 01174nam--2200361---450- 001 990001643950203316 005 20070214173632.0 035 $a000164395 035 $aUSA01000164395 035 $a(ALEPH)000164395USA01 035 $a000164395 100 $a20040510d1993----km-y0itay50------ba 101 0 $aeng 102 $aGB 105 $ay---||||001yy 200 1 $aCriminal procedure systems in the European Community$fChristine Van Den Wyngaert editor and C. Gane ... [et al.] co-editors 210 $aLondon [etc.]$cButterworths$d1993 215 $aXXIX, 408 p.$d24 cm 300 $aAltri contributi di: H. H. Kühne, F. McAuley 606 0 $aProcesso penale$xComunità europee 676 $a345.407 702 1$aWYNGAERT,$bChristine : van den 702 1$aGANE,$bChristopher 801 0$aIT$bsalbc$gISBD 912 $a990001643950203316 951 $aSANT.6 2 20$b1164 DDPG$cSANT.6 959 $aBK 969 $aDDPG 979 $aMARIA$b10$c20040510$lUSA01$h0959 979 $aDDPG1$b90$c20061130$lUSA01$h1705 979 $aDDPG1$b90$c20070214$lUSA01$h1736 996 $aCriminal procedure systems in the European Community$9943249 997 $aUNISA LEADER 01632oas 2200577 a 450 001 9910690424003321 005 20170721122012.0 035 $a(CKB)5470000002339066 035 9 $aocm40668612 035 $a(OCoLC)40668612$z(OCoLC)71364784 035 $a(EXLCZ)995470000002339066 100 $a19990124b19uu2012 sa 101 0 $aeng 135 $aurcn||||||||| 181 $ctxt$2rdacontent 182 $cc$2rdamedia 183 $acr$2rdacarrier 200 00$aBackground note, Paraguay /$fBureau of Western Hemisphere Affairs 210 $a[Washington, D.C.] $cU.S. Dept. of State$d-2012 215 $a1 online resource (volumes) 606 $aDiplomatic relations$2fast 606 $aPolitics and government$2fast 606 $aTravel$2fast 607 $aParaguay$xDescription and travel$vPeriodicals 607 $aParaguay$xForeign relations$vPeriodicals 607 $aParaguay$xPolitics and government$vPeriodicals 607 $aParaguay$2fast 608 $aPeriodicals.$2fast 615 7$aDiplomatic relations. 615 7$aPolitics and government. 615 7$aTravel. 712 02$aUnited States.$bDepartment of State.$bBureau of Western Hemisphere Affairs. 801 0$bTNT 801 1$bTNT 801 2$bOCLCQ 801 2$bGPO 801 2$bOCLCQ 801 2$bGPO 801 2$bOCLCQ 801 2$bOCLCA 801 2$bOCLCQ 801 2$bOCLCA 801 2$bOCLCF 801 2$bOCL 801 2$bCOO 801 2$bOCLCQ 801 2$bGPO 906 $aDOCUMENT 912 $a9910690424003321 996 $aBackground note, Paraguay$93097910 997 $aUNINA